000 00515nam a2200205Ia 4500
005 20250425162504.0
008 250425s9999 xx 000 0 und d
020 _a9688580449
041 _aspa
082 _a629.83
100 _aDORF, RICHARD C.
245 0 _aSISTEMAS AUTOMATICOS DE CONTROL: TEORIA Y PRACTICA
250 _a1A ED.
260 _aMEXICO
260 _aMéxico
_bADDISON WESLEY IBEROAMERICANA
_c1986
300 _a404
650 _aSISTEMAS AUTOMATICOS
942 _c01
010 _a77471
999 _c230257
_d230257